Geography Quiz

Random Geography or City Quiz

Maryland Cities Quiz Stats

 Plays Quiz Updated Apr 9, 2018

Score 0/12 Timer 06:00
1 Play Today
Rank City % Correct
1Baltimore
98.8%
7Annapolis
85%
2Frederick
50.9%
6Hagerstown
46.3%
4Rockville
45.1%
3Gaithersburg
35.2%
8Salisbury
33.7%
9College Park
33.1%
12Cumberland
28.9%
5Bowie
27.8%
10Laurel
22.2%
11Greenbelt
13.3%

You're not logged in!

Compare scores with friends on all Sporcle quizzes.
OR
Log In

Sporcle TV

Today on Sporcle TV


Watch our educational content, quiz creation guides, and fun videos on Sporcle TV.

Show Comments

Extras

Top Quizzes Today


Score Distribution

Your Account Isn't Verified!

In order to create a playlist on Sporcle, you need to verify the email address you used during registration. Go to your Sporcle Settings to finish the process.

Report this User

Report this user for behavior that violates our Community Guidelines.

Details: